000
00325nam a2200145Ia 4500
008
100122s9999 xx 000 0 und d
082
_b
40053
_a
823
100
_a
ASHLEY J
245
_a
LOVES REVENGE
260
_b
HARTEQUIN
_c
1905
300
_a
255
630
_a
LOVES REVENGE
730
_a
LOVES REVENGE
942
_c
BOOK
999
_c
372249
_d
372246